Libro blanco sobre la televisión educativa y cultural en Iberoamérica
Na minha lista:
| Main Authors: | , |
|---|---|
| Formato: | Livro |
| Idioma: | espanhol |
| Publicado em: |
Barcelona
Gedisa S. A
2010
|
| Edição: | 1a. ed |
| Colecção: | Estudios de Televisión, 29
|
| Assuntos: | |
| Tags: |
Adicionar Tag
Sem tags, seja o primeiro a adicionar uma tag!
|
MARC
| LEADER | 00000cam a2200000 a 4500 | ||
|---|---|---|---|
| 001 | UCE7525 | ||
| 003 | CL-VaPUC | ||
| 008 | 150626e20100000sp |||||||||||||||||spa|d | ||
| 020 | |a 9788497845311 | ||
| 082 | 0 | 4 | |a 371.33 |b PER |2 21 |
| 100 | 0 | |a Pérez Tornero, José Manuel |e author |9 580172 | |
| 700 | 0 | |a Vilches, Lorenzo |e author |9 580173 | |
| 245 | 1 | 0 | |a Libro blanco sobre la televisión educativa y cultural en Iberoamérica |
| 250 | |a 1a. ed | ||
| 300 | |a 311 p | ||
| 942 | |c BK | ||
| 945 | |d 20150626 15:30:00 |a dcastane | ||
| 260 | |a Barcelona |b Gedisa S. A |c 2010 | ||
| 650 | 7 | |a TELEVISON EDUCATIVA |2 CL-VaPUC |9 580174 | |
| 650 | 7 | |a TELEVISION Y CULTURA |2 CL-VaPUC |9 536522 | |
| 651 | 0 | |a Latinoamérica |9 316393 | |
| 583 | |a last modification |c 20181108 12:45:12 |k Rodrigo Vera | ||
| 490 | 0 | |a Estudios de Televisión, 29 | |
| 999 | |c 359593 |d 359591 | ||
| 952 | |0 0 |1 0 |3 erb |4 0 |6 371_330000000000000_PER_2010 |7 0 |8 A |9 468860 |a FDOSRS |b FDOSRS |i 5164834 |o 371.33 PER 2010 |p 5164834 |r 2025-03-13 |w 2019-11-23 |y BK |z Catalogado en:20150626 |k SRS | ||
| 952 | |0 0 |1 0 |3 erb |4 0 |6 371_330000000000000_PER_2010 |7 0 |8 A |9 468861 |a BIBCUR |b BIBCUR |i 5512131 |o 371.33 PER 2010 |p 5512131 |r 2025-04-22 |w 2019-11-23 |y BK |z Catalogado en:20181109 |k PER | ||